Новые материалы. Создание, структура, свойства - 2010: Х Всероссийская школа-семинар с международным участием, 9-11 сентября 2010 г., г. Томск; труды

書目詳細資料
Corporate Authors: Национальный исследовательский Томский политехнический университет (ТПУ), Новые материалы. Создание, структура, свойства - 2010 семинар
總結:В сборнике представлены доклады X Всероссийской школы-семинара студентов, магистрантов, аспирантов и молодых ученых "Новые материалы. Создание, структура, свойства - 2010". Обсуждаются результаты исследований молодых ученых в области материаловедения Предлагаемые работы посвящены решению проблем создания современных конструкционных материалов с повышенными характеристиками на основе современных подходов при формировании структуры материала (наноматериалы) и использовании высоких технологий при получении и обработке материалов. Новые подходы и новые идеи могут найти свое практическое приложение в повышении надежности работы деталей машин и оборудования в химической, атомной, энергетической и других отраслях промышленности.Материалы сборника трудов представляют интерес для студентов и молодых ученых, занимающихся проблемами материаловедения.
語言:俄语
英语
出版: Томск, Изд-во ТПУ, 2010
主題:
格式: 圖書
KOHA link:https://koha.lib.tpu.ru/cgi-bin/koha/opac-detail.pl?biblionumber=210123

MARC

LEADER 00000nam0a2200000 4500
001 210123
005 20231101225607.0
035 |a (RuTPU)RU\TPU\book\229494 
035 |a RU\TPU\book\158722 
090 |a 210123 
100 |a 20120220d2010 k y0rusy50 ca 
101 0 |a rus  |a eng 
102 |a RU 
105 |a a z 101zy 
200 1 |a Новые материалы. Создание, структура, свойства - 2010  |e Х Всероссийская школа-семинар с международным участием, 9-11 сентября 2010 г., г. Томск  |e труды  |f Национальный исследовательский Томский политехнический университет (ТПУ) 
210 |a Томск  |c Изд-во ТПУ  |d 2010 
215 |a 350 с.  |c ил. 
320 |a Библиография в конце статей 
330 |a В сборнике представлены доклады X Всероссийской школы-семинара студентов, магистрантов, аспирантов и молодых ученых "Новые материалы. Создание, структура, свойства - 2010". Обсуждаются результаты исследований молодых ученых в области материаловедения Предлагаемые работы посвящены решению проблем создания современных конструкционных материалов с повышенными характеристиками на основе современных подходов при формировании структуры материала (наноматериалы) и использовании высоких технологий при получении и обработке материалов. Новые подходы и новые идеи могут найти свое практическое приложение в повышении надежности работы деталей машин и оборудования в химической, атомной, энергетической и других отраслях промышленности.Материалы сборника трудов представляют интерес для студентов и молодых ученых, занимающихся проблемами материаловедения. 
606 1 |a Новые материалы  |2 stltpush  |3 (RuTPU)RU\TPU\subj\64472  |9 81365 
610 1 |a материаловедение 
610 1 |a высокие технологии 
610 1 |a конструкционные материалы 
610 1 |a прочность 
610 1 |a поверхностное упрочнение 
610 1 |a защитные покрытия 
610 1 |a машиностроительные материалы 
610 1 |a перспективные материалы 
610 1 |a технологии 
610 1 |a машиностроение 
610 1 |a инженерия 
610 1 |a графика 
610 1 |a теоретические вопросы 
610 1 |a прикладные задачи 
610 1 |a сложные детали 
610 1 |a чертежи 
610 1 |a размеры 
610 1 |a топология 
610 1 |a сварка 
610 1 |a сварные соединения 
610 1 |a семинары 
610 1 |a наноматериалы 
610 1 |a труды учёных ТПУ 
675 |a 620.22(063)  |v 3 
712 0 2 |a Национальный исследовательский Томский политехнический университет (ТПУ)  |c (2009- )  |2 stltpush  |3 (RuTPU)RU\TPU\col\15902 
712 1 2 |a Новые материалы. Создание, структура, свойства - 2010  |b семинар  |d 10  |e Томск  |f 2010 
801 1 |a RU  |b 63413507  |c 20081029  |g PSBO 
801 2 |a RU  |b 63413507  |c 20131120  |g PSBO 
942 |c BK